[Event "Steve Boniface Memorial 2017 Open"]
[Site "Bristol"]
[Date "2017.08.26"]
[Round "3.5"]
[White "Burnett, Leon P"]
[Black "Magrini, Fabrizio"]
[Result "0-1"]
[WhiteElo "1899"]
[BlackElo "2278"]
[PlyCount "124"]
[EventDate "2017.08.25"]

1. c4 c5 2. Nc3 g6 3. g3 Bg7 4. Bg2 Nc6 5. e4 d6 6. Nge2 e6 7. d3 Nge7 8. O-O
O-O 9. Be3 Nd4 10. Qd2 Qa5 11. Nxd4 cxd4 12. Nd5 Qd8 13. Nxe7+ Qxe7 14. Bh6 e5
15. Bxg7 Kxg7 16. f4 f6 17. b4 a5 18. b5 b6 19. Rf2 Ra7 20. f5 gxf5 21. exf5
Bb7 22. Qe2 Kh8 23. Rc1 Bxg2 24. Rxg2 Qb7 25. a4 Qa8 26. Qh5 Rg7 27. Qd1 Rfg8
28. Rcc2 Rg5 29. Rcf2 Qb7 30. Qf1 R8g7 31. Qe2 h5 32. h4 Rg4 33. Kh2 Kg8 34.
Qd2 Kf8 35. Qe2 Kg8 36. Rg1 Kh7 37. Rgg2 Qa8 38. Rg1 Kg8 39. Rgg2 Kf8 40. Rg1
Rc7 41. Qd2 Kg7 42. Rc1 Kh7 43. Rc2 Qg8 44. Qe2 Qa8 45. Rg2 Rcg7 46. Qd1 Kg8
47. Qe2 Qb7 48. Qd1 Kf8 49. Qe2 Ke8 50. Qd1 Kd8 51. Qe2 Kc8 52. Qd1 Kb8 53. Qe2
Rc7 54. Qd1 Rc5 55. Rc1 Qc8 56. Qf1 d5 57. Rgc2 e4 58. Qd1 Qc7 59. Qg1 exd3 60.
Rd2 dxc4 61. Re1 Rxh4+ 62. Kg2 Qb7+ 0-1

[Event "Steve Boniface Memorial 2017 Open"]
[Site "Bristol"]
[Date "2017.08.26"]
[Round "3.6"]
[White "Dilleigh, Stephen P"]
[Black "Bogdan, Horia D"]
[Result "1/2-1/2"]
[WhiteElo "2075"]
[BlackElo "1946"]
[PlyCount "60"]
[EventDate "2017.08.25"]

1. Nf3 d5 2. d4 c6 3. c4 e6 4. Nbd2 Bb4 5. Qc2 Nd7 6. a3 Bd6 7. e4 dxe4 8. Nxe4
Bc7 9. Bd3 Ngf6 10. O-O Nxe4 11. Bxe4 h6 12. Re1 O-O 13. Bd2 Nf6 14. Bd3 b6 15.
Bc3 Bb7 16. Rad1 Nh5 17. c5 Nf4 18. Bf1 Qd5 19. Ne5 bxc5 20. dxc5 Qxc5 21. Nd7
Qh5 22. g3 c5 23. Nxf8 Rxf8 24. Re3 Nd5 25. Red3 c4 26. Rd4 Nf4 27. Rxf4 Bxf4
28. Be2 Qh3 29. Bf1 Qg4 30. Be2 Qh3 1/2-1/2

[Event "Steve Boniface Memorial 2017 Open"]
[Site "Bristol"]
[Date "2017.08.26"]
[Round "3.7"]
[White "Bramson, Mike"]
[Black "Musson, Adam J"]
[Result "1/2-1/2"]
[WhiteElo "1846"]
[BlackElo "2071"]
[PlyCount "39"]
[EventDate "2017.08.25"]

1. e4 e5 2. Nc3 Nf6 3. Bc4 Nc6 4. d3 Be7 5. Nge2 O-O 6. O-O Na5 7. Bb3 Nxb3 8.
axb3 d5 9. Ng3 Bg4 10. Qe1 dxe4 11. Ncxe4 Nd7 12. Nc3 Be6 13. Be3 f5 14. f4 a6
15. d4 exf4 16. Bxf4 Rf6 17. Kh1 c6 18. Rd1 Bf7 19. Be5 g6 20. Bxf6 1/2-1/2

[Event "Steve Boniface Memorial 2017 Open"]
[Site "Bristol"]
[Date "2017.08.26"]
[Round "3.8"]
[White "Homer, Stephen J"]
[Black "Fisher, Jon"]
[Result "1-0"]
[WhiteElo "2012"]
[BlackElo "1840"]
[PlyCount "67"]
[EventDate "2017.08.25"]

1. e4 d5 2. exd5 Nf6 3. Nf3 Bg4 4. Be2 Qxd5 5. Nc3 Qf5 6. h3 Bxf3 7. Bxf3 Nc6
8. d3 e6 9. Be3 Bd6 10. Qe2 O-O 11. O-O-O Bb4 12. Ne4 Nxe4 13. Bxe4 Qa5 14. Kb1
Ne7 15. c3 Bd6 16. d4 Nd5 17. Rd3 c6 18. Bd2 Bf4 19. Rf3 Bxd2 20. Qxd2 Qc7 21.
g4 Rad8 22. Qc2 g6 23. h4 f5 24. gxf5 exf5 25. Bd3 Nf4 26. Bc4+ Nd5 27. h5 Kg7
28. Qd2 Rh8 29. Bd3 Ne7 30. Rfh3 Qc8 31. Qg5 Kf7 32. hxg6+ Ke8 33. Re3 Qc7 34.
Rxh7 1-0

[Event "Steve Boniface Memorial 2017 Open"]
[Site "Bristol"]
[Date "2017.08.26"]
[Round "3.9"]
[White "Stranger, Morris"]
[Black "Georgiou, George"]
[Result "1-0"]
[WhiteElo "1998"]
[BlackElo "1863"]
[PlyCount "115"]
[EventDate "2017.08.25"]

1. d4 d5 2. Bf4 c6 3. e3 Qb6 4. Qc1 Bf5 5. Nf3 Nf6 6. Be2 h6 7. O-O e6 8. c4
Be7 9. Nc3 O-O 10. Nd2 Nbd7 11. c5 Qd8 12. b4 a6 13. h3 g5 14. Bh2 Re8 15. f3
Bf8 16. g4 Bg6 17. Be5 Bg7 18. f4 Kh8 19. fxg5 hxg5 20. Nf3 Ne4 21. Bxg7+ Kxg7
22. Nxe4 Bxe4 23. Qe1 Rh8 24. Qg3 Rc8 25. Nd2 Bg6 26. Rf3 Qc7 27. Qxc7 Rxc7 28.
Kh2 Nf6 29. Kg3 Ne4+ 30. Nxe4 Bxe4 31. Rf2 f6 32. a4 Ra8 33. Bf1 Bg6 34. Rfa2
Re7 35. b5 axb5 36. axb5 Rxa2 37. Rxa2 Be8 38. b6 Bd7 39. Ra7 Bc8 40. Ra8 Re8
41. Ba6 Kf8 42. Rxc8 Rxc8 43. Bxb7 Rb8 44. Bxc6 Ke7 45. e4 dxe4 46. Bxe4 Kd8
47. Kf3 Kc8 48. Ke3 Kd8 49. Kd3 Kc8 50. Kc4 Kd7 51. Kb5 Rh8 52. c6+ Kc8 53. c7
Rxh3 54. Kc6 Rc3+ 55. Kd6 Rb3 56. b7+ Rxb7 57. Bxb7+ Kxb7 58. Kd7 1-0

[Event "Steve Boniface Memorial 2017 Open"]
[Site "Bristol"]
[Date "2017.08.26"]
[Round "3.10"]
[White "Brown, Geoffrey M"]
[Black "Bennett, Dominic L"]
[Result "1-0"]
[WhiteElo "1772"]
[BlackElo "1962"]
[PlyCount "103"]
[EventDate "2017.08.25"]

1. f4 c5 2. Nf3 g6 3. c4 Bg7 4. Nc3 Nc6 5. e3 Nf6 6. Be2 O-O 7. O-O d5 8. cxd5
Nxd5 9. a3 b6 10. Rf2 Bb7 11. Rb1 Qd6 12. Ne4 Qc7 13. Bc4 Rad8 14. Qe2 Qc8 15.
d3 Na5 16. Ba2 Ba6 17. Ne1 c4 18. d4 Nf6 19. Nc3 Ng4 20. Rf3 Kh8 21. Rg3 Nh6
22. Nc2 Nf5 23. Rh3 Nb3 24. Bd2 e5 25. fxe5 Nxd2 26. Qxd2 Bxe5 27. Rd1 Bg7 28.
Bb1 Bb7 29. Qf2 Rde8 30. d5 Qd8 31. e4 Nd6 32. Nd4 Bc8 33. Nc6 Qg5 34. Rg3 Qh5
35. Re1 Bd7 36. Bc2 Bxc6 37. dxc6 f5 38. Rh3 Qg4 39. Bd1 Qg5 40. Rg3 Qh4 41.
Qd2 Nxe4 42. Nxe4 fxe4 43. c7 e3 44. Qe2 Rf2 45. Qg4 Qf6 46. c8=Q Rf8 47. Qxf8+
Qxf8 48. Rgxe3 Rd2 49. Re8 Bd4+ 50. Qxd4+ Rxd4 51. Rxf8+ Kg7 52. Ra8 1-0

[Event "Steve Boniface Memorial 2017 Open"]
[Site "Bristol"]
[Date "2017.08.26"]
[Round "3.11"]
[White "Allison, Conrad"]
[Black "Wilks, Simon"]
[Result "0-1"]
[WhiteElo "1886"]
[BlackElo "1997"]
[PlyCount "74"]
[EventDate "2017.08.25"]

1. c4 e5 2. g3 Nf6 3. Bg2 c6 4. Nf3 e4 5. Nd4 d5 6. cxd5 cxd5 7. Nc3 Qb6 8. Nb3
Bf5 9. d4 Bd6 10. O-O O-O 11. Bg5 Nbd7 12. Rc1 h6 13. Be3 Rac8 14. Qd2 Qa6 15.
Nc5 Bxc5 16. dxc5 Be6 17. f4 g6 18. f5 Bxf5 19. Bxh6 e3 20. Qxe3 Rfe8 21. Qd2
Kh7 22. Qg5 Qe6 23. Qh4 Kg8 24. Rf4 Qe3+ 25. Rf2 Qxc5 26. Nxd5 Qd6 27. Rd1 Qe5
28. Bg5 Re6 29. e4 Nxe4 30. Ne7+ Rxe7 31. Bxe7 Nxf2 32. Rxd7 Bxd7 33. Bf6 Qh5
34. Qb4 Nh3+ 35. Bxh3 Bxh3 36. Qd2 Qf3 37. Bd4 Rc1+ 0-1

[Event "Steve Boniface Memorial 2017 Open"]
[Site "Bristol"]
[Date "2017.08.26"]
[Round "3.12"]
[White "Turner, Joseph D"]
[Black "Borkowski, J Andrew"]
[Result "1/2-1/2"]
[WhiteElo "1931"]
[BlackElo "1870"]
[PlyCount "86"]
[EventDate "2017.08.25"]

1. e4 d6 2. d4 e5 3. Nf3 exd4 4. Nxd4 Nf6 5. Nc3 Be7 6. f3 O-O 7. Be3 Re8 8. g4
Nfd7 9. Qd2 Bh4+ 10. Bf2 Bxf2+ 11. Qxf2 Nc6 12. O-O-O Nxd4 13. Rxd4 Ne5 14. h3
Nc6 15. Rd2 a6 16. f4 Bd7 17. g5 b5 18. Bg2 b4 19. Ne2 Rb8 20. h4 Qe7 21. h5
Rb5 22. Qg3 Qe6 23. b3 Rc5 24. e5 d5 25. Bh3 Qe7 26. g6 fxg6 27. hxg6 h6 28.
Qd3 Bxh3 29. Rxh3 Qe6 30. Re3 a5 31. Nd4 Nxd4 32. Qxd4 Rb5 33. Qd3 Rc5 34. f5
Qe7 35. Qd4 c6 36. Rde2 Rc3 37. Rxc3 bxc3 38. Qxc3 Qg5+ 39. Kb2 Qxf5 40. Qxc6
Qxg6 41. Qxd5+ Qe6 42. Qxa5 g5 43. c4 g4 1/2-1/2

[Event "Steve Boniface Memorial 2017 Open"]
[Site "Bristol"]
[Date "2017.08.26"]
[Round "3.13"]
[White "Gogia, Armaan"]
[Black "Cherupalli, Ramprasad"]
[Result "1-0"]
[WhiteElo "1272"]
[BlackElo "1898"]
[PlyCount "62"]
[EventDate "2017.08.25"]

1. e4 e5 2. Nf3 Nc6 3. Bb5 a6 4. Ba4 Nf6 5. Qe2 b5 6. Bb3 Be7 7. c3 d6 8. h3
Na5 9. Bc2 c5 10. O-O Nc6 11. a4 Rb8 12. axb5 axb5 13. Rd1 Qc7 14. d4 cxd4 15.
cxd4 O-O 16. Be3 Nd7 17. Nc3 Nb4 18. Bb3 Qb7 19. dxe5 dxe5 20. Ra7 Qc6 21.
Rdxd7 Bxd7 22. Nxe5 Qd6 23. Nxd7 Nc6 24. Nxb8 Nxa7 25. Bxa7 Rc8 26. Qxb5 Qd2
27. Bxf7+ Kf8 28. Qf5 Qe1+ 29. Kh2 Bd6+ 30. f4 Rc7 31. Bg6+ Kg8 1-0

[Event "Steve Boniface Memorial 2017 Open"]
[Site "Bristol"]
[Date "2017.08.26"]
[Round "3.14"]
[White "Davis, Lee"]
[Black "Smith, Lynda"]
[Result "1-0"]
[WhiteElo "1945"]
[BlackElo "1870"]
[PlyCount "59"]
[EventDate "2017.08.25"]

1. g3 g6 2. d4 f5 3. Bg2 Nf6 4. Nf3 Bg7 5. O-O O-O 6. c4 d6 7. Nc3 c6 8. d5 e5
9. dxe6 Bxe6 10. b3 Ne4 11. Nxe4 fxe4 12. Nd4 Bf5 13. Nxf5 Bxa1 14. Nxd6 Be5
15. Nxe4 Na6 16. Bg5 Qe8 17. b4 Nc7 18. b5 cxb5 19. Nd6 Qe6 20. c5 Bf6 21. Nxb5
Rad8 22. Nxc7 Rxd1 23. Nxe6 Rxf1+ 24. Kxf1 Bxg5 25. Nxg5 Rc8 26. Ne6 b6 27. c6
Kf7 28. Nd4 Rd8 29. e3 Ke7 30. Ke2 1-0

[Event "Steve Boniface Memorial 2017 Open"]
[Site "Bristol"]
[Date "2017.08.27"]
[Round "4.1"]
[White "Reznak, Attila"]
[Black "Stewart, Ashley"]
[Result "1/2-1/2"]
[WhiteElo "2283"]
[BlackElo "2112"]
[PlyCount "117"]
[EventDate "2017.08.25"]

1. Nf3 g6 2. d4 Bg7 3. e4 c5 4. c3 cxd4 5. cxd4 d5 6. e5 Nc6 7. Bb5 Nh6 8. O-O
O-O 9. Nc3 Bg4 10. Bxc6 bxc6 11. h3 Bxf3 12. Qxf3 f6 13. e6 Nf5 14. Qd3 Rb8 15.
b3 Rb4 16. Ne2 Nd6 17. Ba3 Rb7 18. Rac1 Nb5 19. Rxc6 Nxa3 20. Qa6 Rb6 21. Rxb6
Qxb6 22. Qxa3 Qxe6 23. Nc3 Rc8 24. Qa5 Qd6 25. Nxd5 f5 26. Re1 e6 27. Ne3 Bxd4
28. Rd1 Qb6 29. Qxb6 Bxb6 30. Nc4 Rd8 31. Rc1 Bd4 32. Kf1 Kf7 33. Ke2 g5 34.
Rd1 Kf6 35. f3 e5 36. Ne3 Rc8 37. Nc4 h5 38. Kd3 Ke6 39. Rc1 Rd8 40. Rc2 Rc8
41. g3 Rd8 42. Ke2 h4 43. g4 fxg4 44. fxg4 Rf8 45. Ne3 Rf4 46. Rd2 Re4 47. Rd3
Bb6 48. Kd2 Rf4 49. Nc4 Rf2+ 50. Kd1 Rxa2 51. Rd6+ Ke7 52. Rg6 Rh2 53. Rxg5
Rxh3 54. Rxe5+ Kf6 55. Rf5+ Ke7 56. Nxb6 axb6 57. Rb5 Rg3 58. Rxb6 Rxg4 59. Rh6
1/2-1/2

[Event "Steve Boniface Memorial 2017 Open"]
[Site "Bristol"]
[Date "2017.08.27"]
[Round "4.2"]
[White "Kalavannan, Koby"]
[Black "Beaumont, Chris R"]
[Result "1-0"]
[WhiteElo "2201"]
[BlackElo "2282"]
[PlyCount "107"]
[EventDate "2017.08.25"]

1. d4 Nf6 2. c4 g6 3. Nc3 d5 4. cxd5 Nxd5 5. Bd2 Nb6 6. Bg5 Bg7 7. e3 O-O 8.
Nf3 h6 9. Bh4 g5 10. Bg3 c5 11. dxc5 Bxc3+ 12. bxc3 Qxd1+ 13. Rxd1 Na4 14. h4
g4 15. Ne5 Nxc5 16. Bf4 Kh7 17. Rd5 Nba6 18. Nd3 Ne6 19. Bg3 Nac7 20. Ra5 b6
21. Ra3 Bb7 22. Ne5 h5 23. Bd3+ Kg7 24. O-O Rfd8 25. Be2 Rd2 26. Re1 Ne8 27.
Nc4 Rdd8 28. Rb1 Nc5 29. f3 gxf3 30. gxf3 f6 31. Kf2 e5 32. Ke1 Nd6 33. Nxd6
Rxd6 34. c4 Rd7 35. Bf2 e4 36. f4 Bc6 37. Bxh5 Nd3+ 38. Kf1 Nxf2 39. Kxf2 Rd2+
40. Be2 Bd7 41. Ke1 Rd6 42. Rd1 Rxd1+ 43. Bxd1 Be6 44. Be2 a6 45. Kd2 Kg6 46.
Kc3 f5 47. Ra4 b5 48. cxb5 Rc8+ 49. Kd4 axb5 50. Ra6 Kf6 51. Bxb5 Rc2 52. a4
Rd2+ 53. Kc3 Rd1 54. Kc2 1-0

[Event "Steve Boniface Memorial 2017 Open"]
[Site "Bristol"]
[Date "2017.08.27"]
[Round "4.3"]
[White "Magrini, Fabrizio"]
[Black "Homer, Stephen J"]
[Result "1-0"]
[WhiteElo "2278"]
[BlackElo "2012"]
[PlyCount "52"]
[EventDate "2017.08.25"]

1. e4 c5 2. Nf3 Nc6 3. Nc3 d6 4. d4 cxd4 5. Nxd4 e6 6. Be2 Qb6 7. Nb3 Nf6 8.
O-O a6 9. Be3 Qc7 10. a4 Na5 11. f4 Nxb3 12. cxb3 Bd7 13. b4 Be7 14. Rc1 Qd8
15. e5 dxe5 16. fxe5 Nd5 17. Nxd5 exd5 18. Qxd5 O-O 19. Qxb7 Rb8 20. Qxa6 Rxb4
21. a5 Qb8 22. Bc5 Bxc5+ 23. Rxc5 Rxb2 24. Bc4 Qb4 25. Qd6 Qc3 26. Bxf7+ Kh8
1-0

[Event "Steve Boniface Memorial 2017 Open"]
[Site "Bristol"]
[Date "2017.08.27"]
[Round "4.4"]
[White "Bicknell, Carl"]
[Black "Stranger, Morris"]
[Result "1-0"]
[WhiteElo "2103"]
[BlackElo "1998"]
[PlyCount "39"]
[EventDate "2017.08.25"]

1. e4 e6 2. d4 d5 3. Nc3 Nf6 4. Bg5 Bb4 5. e5 h6 6. exf6 hxg5 7. fxg7 Rg8 8.
Qf3 Rxg7 9. O-O-O c5 10. dxc5 Nc6 11. h4 Bxc3 12. Qxc3 d4 13. Qd2 e5 14. hxg5
Qxg5 15. Rh8+ Kd7 16. f4 exf4 17. Nf3 Qxc5 18. Qxf4 Qd6 19. Rxd4 Nxd4 20. Rd8+
1-0

[Event "Steve Boniface Memorial 2017 Open"]
[Site "Bristol"]
[Date "2017.08.27"]
[Round "4.5"]
[White "Brown, Geoffrey M"]
[Black "Morris, Gareth L"]
[Result "0-1"]
[WhiteElo "1772"]
[BlackElo "2062"]
[PlyCount "152"]
[EventDate "2017.08.25"]

1. f4 d5 2. Nf3 g6 3. e3 Bg7 4. d4 c5 5. Bd3 c4 6. Be2 b5 7. O-O Bb7 8. Qe1 Nf6
9. Ne5 Nfd7 10. a4 a6 11. axb5 axb5 12. Rxa8 Bxa8 13. Bd2 f6 14. Ng4 Bc6 15.
Bf3 Qc8 16. Nc3 f5 17. Ne5 Nxe5 18. fxe5 e6 19. Ne2 Na6 20. Nf4 Bf8 21. Qh4 Be7
22. Qh6 Kd7 23. Ra1 Bf8 24. Qh3 g5 25. Nh5 g4 26. Nf6+ Kc7 27. Ba5+ Kb8 28.
Nxg4 fxg4 29. Bxg4 Bd7 30. b3 h5 31. bxc4 Be7 32. Be2 dxc4 33. Be1 Bc6 34. Bh4
Bxh4 35. Qxh4 Rg8 36. g3 Bb7 37. e4 Qd8 38. Qxd8+ Rxd8 39. c3 Rh8 40. Bf3 h4
41. g4 Rf8 42. Kg2 b4 43. cxb4 Nxb4 44. Rb1 Nc2 45. d5 Ne3+ 46. Kf2 Nxg4+ 47.
Ke2 Nxe5 48. Bg2 Rd8 49. dxe6 Re8 50. Bh3 Kc7 51. Ke3 Bc8 52. Rb5 Nc6 53. Rc5
Bxe6 54. Bxe6 Rxe6 55. Rxc4 Kd6 56. Kf4 Rg6 57. Rc2 Ke7 58. Ra2 Kf6 59. Ra6 Kg7
60. Rb6 Kh6 61. Rb2 Nd4 62. Ra2 Ne6+ 63. Kf5 Kh5 64. Ra8 Nd4+ 65. Ke5 Nf3+ 66.
Kf5 Nxh2 67. e5 Ng4 68. e6 Rf6+ 69. Ke4 Rxe6+ 70. Kf3 Re3+ 71. Kf4 Re6 72. Ra5+
Re5 73. Ra8 Rg5 74. Rh8+ Nh6 75. Ra8 Rf5+ 76. Ke3 h3 0-1

[Event "Steve Boniface Memorial 2017 Open"]
[Site "Bristol"]
[Date "2017.08.27"]
[Round "4.6"]
[White "Macnaughton, Alistair Kj"]
[Black "Dilleigh, Stephen P"]
[Result "1/2-1/2"]
[WhiteElo "1908"]
[BlackElo "2075"]
[PlyCount "76"]
[EventDate "2017.08.25"]

1. e4 e6 2. d4 d5 3. Nc3 Nf6 4. Bg5 Bb4 5. e5 h6 6. Bd2 Bxc3 7. bxc3 Ne4 8. Bd3
Nxd2 9. Qxd2 c5 10. Bb5+ Bd7 11. Bxd7+ Nxd7 12. Ne2 Qa5 13. f4 Rc8 14. Nc1 cxd4
15. cxd4 Qxd2+ 16. Kxd2 Nb6 17. Rb1 Nc4+ 18. Kd3 b6 19. c3 Ke7 20. Ne2 f5 21.
Rhg1 h5 22. h4 Na5 23. g3 Rc4 24. Rgc1 Ra4 25. Rc2 Rc8 26. Rb4 Ra3 27. Nc1 Rc4
28. Rxc4 Nxc4 29. Nb3 Kd7 30. Nd2 Nxd2 31. Rxd2 b5 32. Rb2 Kc6 33. Kc2 b4 34.
Rxb4 Rxa2+ 35. Kb3 Rg2 36. Ra4 Kb7 37. Rb4+ Ka8 38. Ra4 Kb7 1/2-1/2

[Event "Steve Boniface Memorial 2017 Open"]
[Site "Bristol"]
[Date "2017.08.27"]
[Round "4.7"]
[White "Musson, Adam J"]
[Black "Kramaley, David"]
[Result "1-0"]
[WhiteElo "2071"]
[BlackElo "1832"]
[PlyCount "77"]
[EventDate "2017.08.25"]

1. d4 d5 2. c4 c6 3. Nf3 Nf6 4. Nc3 Qb6 5. e3 Bg4 6. Qb3 Bxf3 7. gxf3 e6 8. Bd2
Nbd7 9. Qxb6 Nxb6 10. c5 Nbd7 11. f4 b6 12. b4 a5 13. b5 bxc5 14. bxc6 Nb6 15.
Rb1 Nc8 16. Rb7 c4 17. Nb5 Bd6 18. f3 O-O 19. Bg2 Ra6 20. e4 Bb4 21. c7 Rc6 22.
a3 c3 23. Bc1 Be7 24. Ke2 Rb6 25. Rb8 Nd7 26. Rxb6 Ncxb6 27. Nxc3 Rc8 28. Nb5
g6 29. Kd3 Nc4 30. f5 Nd6 31. fxe6 Nb6 32. Nxd6 Bxd6 33. exf7+ Kxf7 34. e5 Bxc7
35. f4 Bd8 36. Bd2 Ra8 37. Rb1 Ra7 38. Rb5 a4 39. Bb4 1-0

[Event "Steve Boniface Memorial 2017 Open"]
[Site "Bristol"]
[Date "2017.08.27"]
[Round "4.8"]
[White "Wilks, Simon"]
[Black "Bramson, Mike"]
[Result "1-0"]
[WhiteElo "1997"]
[BlackElo "1846"]
[PlyCount "77"]
[EventDate "2017.08.25"]

1. e4 e5 2. Nf3 Nc6 3. Bb5 a6 4. Ba4 d6 5. Bxc6+ bxc6 6. d4 exd4 7. Qxd4 c5 8.
Qd3 Ne7 9. Nc3 Be6 10. Be3 g6 11. h4 h5 12. Ng5 Qd7 13. O-O-O Bg7 14. f3 Rb8
15. Qd2 O-O 16. b3 Qc6 17. Nxe6 fxe6 18. Bh6 Bxh6 19. Qxh6 c4 20. Qe3 cxb3 21.
axb3 Rb4 22. g4 hxg4 23. fxg4 Qb6 24. Qg5 Qc6 25. Kb2 Rfb8 26. Rh3 Qc4 27. Na2
Ra4 28. Rd2 Qb5 29. Qxb5 Rxb5 30. Nc3 Rab4 31. Nxb5 Rxb5 32. Rd4 Re5 33. Rc4 c5
34. Rd3 Nc8 35. Ra4 d5 36. exd5 exd5 37. Rxa6 Ne7 38. Ra5 d4 39. Rxd4 1-0

[Event "Steve Boniface Memorial 2017 Open"]
[Site "Bristol"]
[Date "2017.08.27"]
[Round "4.9"]
[White "Bogdan, Horia D"]
[Black "Gogia, Armaan"]
[Result "1-0"]
[WhiteElo "1946"]
[BlackElo "1272"]
[PlyCount "55"]
[EventDate "2017.08.25"]

1. c4 g6 2. g3 Bg7 3. Bg2 d6 4. Nc3 e5 5. b4 f5 6. Rb1 Nf6 7. d3 O-O 8. h4 h6
9. b5 Nbd7 10. Nh3 Nc5 11. a4 Rb8 12. O-O Nh5 13. Nd5 f4 14. Kh2 g5 15. d4 exd4
16. e3 Nxg3 17. fxg3 fxg3+ 18. Kh1 g4 19. Rxf8+ Bxf8 20. Ng5 hxg5 21. exd4 Ne6
22. Qxg4 Bg7 23. Qh5 Qf8 24. Bxg5 Nxg5 25. hxg5 Bxd4 26. Nf6+ Bxf6 27. Bd5+ Kg7
28. Qh6# 1-0

[Event "Steve Boniface Memorial 2017 Open"]
[Site "Bristol"]
[Date "2017.08.27"]
[Round "4.10"]
[White "Bennett, Dominic L"]
[Black "Burnett, Leon P"]
[Result "1-0"]
[WhiteElo "1962"]
[BlackElo "1899"]
[PlyCount "97"]
[EventDate "2017.08.25"]

1. d4 Nf6 2. c4 e6 3. g3 Bb4+ 4. Bd2 Be7 5. Bg2 d5 6. Nf3 c6 7. b3 O-O 8. O-O
b6 9. Bc3 Bb7 10. Bb2 Ne4 11. Ne5 f5 12. Nd2 Nd7 13. Nd3 Qe8 14. Nf3 g5 15.
Nfe5 Nxe5 16. dxe5 dxc4 17. bxc4 Rd8 18. Qc1 Qh5 19. Re1 Rd7 20. Ba3 Nc5 21.
Bxc5 Bxc5 22. Nxc5 bxc5 23. Qa3 Qg4 24. Qxc5 Rfd8 25. Rab1 Ba8 26. Bf3 Qd4 27.
Qxd4 Rxd4 28. e3 Rd2 29. Red1 Rxd1+ 30. Rxd1 Rxd1+ 31. Bxd1 c5 32. f3 Kf7 33.
Kf2 h5 34. h4 g4 35. e4 Kg6 36. Ke3 Bc6 37. Kf4 gxf3 38. Bxf3 Ba4 39. exf5+
exf5 40. Bd5 Bc2 41. Bc6 Bd3 42. Be8+ Kg7 43. Bxh5 Bxc4 44. Kxf5 Bxa2 45. e6
Bb1+ 46. Ke5 Bg6 47. Bxg6 Kxg6 48. Kd6 c4 49. e7 1-0

[Event "Steve Boniface Memorial 2017 Open"]
[Site "Bristol"]
[Date "2017.08.27"]
[Round "4.11"]
[White "Borkowski, J Andrew"]
[Black "Davis, Lee"]
[Result "1/2-1/2"]
[WhiteElo "1870"]
[BlackElo "1945"]
[PlyCount "62"]
[EventDate "2017.08.25"]

1. d4 Nf6 2. e3 b6 3. f4 Bb7 4. Nf3 e6 5. Bd3 Ne4 6. O-O f5 7. Nbd2 Be7 8. c3
O-O 9. Qe2 d6 10. a4 a5 11. Bc4 d5 12. Bd3 Nd7 13. Ne5 Nxe5 14. fxe5 Qe8 15.
Rf3 g5 16. h3 Qg6 17. Nf1 g4 18. hxg4 fxg4 19. Rxf8+ Rxf8 20. Bxe4 dxe4 21. Bd2
h5 22. Be1 Kh7 23. Bg3 Bg5 24. Qc4 Rf7 25. Re1 h4 26. Bf4 Rxf4 27. exf4 Qf5 28.
Ne3 Qxf4 29. Qe2 Qg3 30. Nf1 Qf4 31. Ne3 Qg3 1/2-1/2

[Event "Steve Boniface Memorial 2017 Open"]
[Site "Bristol"]
[Date "2017.08.27"]
[Round "4.12"]
[White "Georgiou, George"]
[Black "Turner, Joseph D"]
[Result "0-1"]
[WhiteElo "1863"]
[BlackElo "1931"]
[PlyCount "156"]
[EventDate "2017.08.25"]

1. d4 Nf6 2. c4 e6 3. Nc3 d5 4. cxd5 exd5 5. Bg5 c6 6. e3 h6 7. Bh4 b5 8. Bd3
a5 9. Nge2 Bd6 10. Rc1 a4 11. Bxf6 gxf6 12. Ng3 a3 13. b3 Bb4 14. O-O Bd6 15.
Nf5 Na6 16. Nxd6+ Qxd6 17. Qf3 Nb4 18. Bb1 h5 19. h3 Kf8 20. Rfd1 Rb8 21. e4
Kg7 22. exd5 cxd5 23. Re1 Be6 24. Ne2 Nc6 25. Red1 h4 26. Nf4 f5 27. Nh5+ Kg6
28. Qg4+ Kh6 29. Qxh4 Qd8 30. Qxd8 Nxd8 31. Nf4 Kg5 32. g3 Nb7 33. Rc6 Nd8 34.
Rc7 Rb6 35. Rdc1 Re8 36. Bd3 Nb7 37. h4+ Kf6 38. b4 Kg7 39. R1c6 Rxc6 40. Rxc6
Bd7 41. Rc3 Nd6 42. Rxa3 Re1+ 43. Kg2 Rd1 44. Ra7 Be8 45. Ne6+ Kf6 46. Nf4 Ne4
47. Ra6+ Kg7 48. Bxe4 dxe4 49. d5 Rd2 50. Kf1 f6 51. a3 Bf7 52. Ra7 Kg8 53.
Ra8+ Kh7 54. Ke1 Ra2 55. Ra7 Kg8 56. Ra8+ Kh7 57. Rb8 Ra1+ 58. Ke2 Ra2+ 59. Kf1
Rxa3 60. Rxb5 Be8 61. Rb7+ Kh6 62. b5 Rb3 63. b6 Bb5+ 64. Kg2 Rb2 65. Re7 Rb1
66. b7 Bf1+ 67. Kh2 Ba6 68. Rf7 Bxb7 69. Rxf6+ Kg7 70. Rxf5 Rb2 71. Kg2 e3 72.
Ne6+ Kg6 73. Nd4 e2 74. Rg5+ Kh7 75. Nf3 Rd2 76. Re5 Bxd5 77. Re7+ Kg8 78. h5
Rd3 0-1

[Event "Steve Boniface Memorial 2017 Open"]
[Site "Bristol"]
[Date "2017.08.27"]
[Round "4.13"]
[White "Fisher, Jon"]
[Black "Cherupalli, Ramprasad"]
[Result "1/2-1/2"]
[WhiteElo "1840"]
[BlackElo "1898"]
[PlyCount "26"]
[EventDate "2017.08.25"]

1. b3 d5 2. Bb2 Nc6 3. e3 e5 4. Bb5 Bd6 5. f4 Qe7 6. Nf3 Bg4 7. h3 Bxf3 8. Qxf3
a6 9. Bxc6+ bxc6 10. fxe5 Bxe5 11. Bxe5 Qxe5 12. Nc3 Nf6 13. O-O O-O 1/2-1/2

[Event "Steve Boniface Memorial 2017 Open"]
[Site "Bristol"]
[Date "2017.08.27"]
[Round "4.14"]
[White "Smith, Lynda"]
[Black "Allison, Conrad"]
[Result "1/2-1/2"]
[WhiteElo "1870"]
[BlackElo "1886"]
[PlyCount "40"]
[EventDate "2017.08.25"]

1. e4 d6 2. d4 Nf6 3. Nc3 Nbd7 4. f4 e5 5. Nf3 exd4 6. Nxd4 g6 7. Be3 Bg7 8.
Be2 O-O 9. O-O Re8 10. Bf3 Nc5 11. e5 dxe5 12. fxe5 Rxe5 13. Bf4 Re7 14. Nc6
Qe8 15. Nxe7+ Qxe7 16. Nb5 Ne6 17. Qe2 Bd7 18. Nc3 Re8 19. Rfe1 Qb4 20. Be3 Nd4
1/2-1/2

[Event "Steve Boniface Memorial 2017 Open"]
[Site "Bristol"]
[Date "2017.08.27"]
[Round "5.1"]
[White "Stewart, Ashley"]
[Black "Kalavannan, Koby"]
[Result "0-1"]
[WhiteElo "2112"]
[BlackElo "2201"]
[PlyCount "142"]
[EventDate "2017.08.25"]

1. c4 c5 2. g3 Nc6 3. Bg2 g6 4. Nc3 Bg7 5. Nf3 d6 6. O-O e6 7. a3 Nge7 8. Rb1
b6 9. b4 Bb7 10. Qb3 O-O 11. Bb2 Qd7 12. e3 Nf5 13. d3 Rac8 14. Ne4 e5 15. Bc3
Qe7 16. b5 Nd8 17. a4 Nh6 18. Bb2 f5 19. Nc3 Ne6 20. Nd5 Qd8 21. Ra1 g5 22. Nd2
Rb8 23. a5 f4 24. axb6 axb6 25. Ra7 Rf7 26. Rfa1 Nf5 27. Ne4 h5 28. Qd1 g4 29.
gxf4 exf4 30. Bxg7 Kxg7 31. Qd2 f3 32. Bh1 Bxd5 33. cxd5 Nc7 34. Qb2+ Kg6 35.
Kf1 Qh4 36. Ke1 Nxe3 37. Kd2 Nexd5 38. Re1 Re8 39. Kc1 Nb4 40. Qb1 d5 41. d4
Kh6 42. dxc5 dxe4 43. Qxb4 Qg5+ 44. Qd2 Ree7 45. cxb6 Nxb5 46. Qxg5+ Kxg5 47.
Ra5 Rf5 48. Re3 Nd4 49. Rea3 Nb3+ 50. Rxb3 Rxa5 51. b7 Ra1+ 52. Kd2 Rd7+ 53.
Kc2 Rxb7 54. Rxb7 Rxh1 55. Kd2 Rxh2 56. Ke3 Rh1 57. Rb5+ Kh4 58. Kxe4 Re1+ 59.
Kf4 Re8 60. Rb1 Rf8+ 61. Ke3 Rf5 62. Ke4 Ra5 63. Rh1+ Kg5 64. Rb1 Ra4+ 65. Ke3
Ra3+ 66. Ke4 Ra2 67. Rf1 Re2+ 68. Kd3 h4 69. Ra1 Rxf2 70. Ke3 Re2+ 71. Kd3 h3
0-1

[Event "Steve Boniface Memorial 2017 Open"]
[Site "Bristol"]
[Date "2017.08.27"]
[Round "5.2"]
[White "Magrini, Fabrizio"]
[Black "Reznak, Attila"]
[Result "1-0"]
[WhiteElo "2278"]
[BlackElo "2283"]
[PlyCount "67"]
[EventDate "2017.08.25"]

1. e4 e5 2. Nf3 Nf6 3. Nxe5 d6 4. Nf3 Nxe4 5. c4 Nf6 6. Be2 Be7 7. d4 d5 8. O-O
O-O 9. Nc3 c6 10. Qb3 dxc4 11. Bxc4 b5 12. Be2 a5 13. a4 b4 14. Nb1 Bg4 15. Be3
Nd5 16. Nbd2 Ra7 17. Rac1 Re8 18. Bc4 Bf6 19. Ne5 Be6 20. f4 Nxe3 21. Qxe3 Bxc4
22. Rxc4 Rae7 23. Ne4 Kh8 24. b3 Bxe5 25. fxe5 f6 26. Qh3 Rd7 27. Nd6 Rf8 28.
Qf3 Kg8 29. Rc5 Qb6 30. Qg4 Qd8 31. Rc2 fxe5 32. Rxf8+ Qxf8 33. Qe6+ Kh8 34.
Rf2 1-0